000 00829nam a22002297a 4500
003 LK-CoMWRAF
005 20231211163658.0
008 231211b2001 |||||||| |||| 00| 0 eng d
020 _a9555820104
040 _aLK-CoMWRAF
_dLK-CoMWRAF
_eLK-CoMWRAF
041 _aeng
082 _a305.8
_bCHE
100 _a Cheran, R.
130 _aA history of ethnic conflict in Sri Lanka: recollection, reinterpretation & reconciliation
245 _aThe sixth genre :
_bmemory, history, and the Tamil diaspora imagination
260 _aColombo:
_bMarga Institute,
_c2001
300 _a30 p. ; 23 cm
_bBibliography included
490 _aMarga monograph series on ethnic reconciliation
_vno. 7
650 _aTamil (Indic people)- Ethnic identity
650 _aTamil (Indic people)- Sri Lanka- Politics and government
942 _cBK
999 _c4349
_d4349